Supply dogs digs (Record no. 80947)

MARC details
000 -LEADER
fixed length control field 00994cab a22001935a 4500
001 - CONTROL NUMBER
control field L145808
008 - FIXED-LENGTH DATA ELEMENTS--GENERAL INFORMATION
fixed length control field 081111e20081107xxkd f s 000 0 eng d
035 ## - SYSTEM CONTROL NUMBER
System control number (Sirsi) u145808
041 0# - LANGUAGE CODE
Language code of text/sound track or separate title eng
100 1# - MAIN ENTRY--PERSONAL NAME
Personal name Daly, Jacqui
245 00 - TITLE STATEMENT
Title Supply dogs digs
260 ## - PUBLICATION, DISTRIBUTION, ETC.
Date of publication, distribution, etc. 2008
490 ## - SERIES STATEMENT
Series statement Property Week
Volume/sequential designation 73(45) 7 November 2008, 44(1)
520 ## - SUMMARY, ETC.
Summary, etc. Article looks at student housing and illustrates that while undergraduate and overseas admissions are growing (10% and 6% last year, respectively), the amount of suitable accommodation is not keeping pace. Highlights a particular lack of planning applications for purpose built student accommodation in London and suggests that while the sector has a range of attractive drivers, short term growth is unlikely as landlords focus on the market for housing young professionals.
590 ## - LOCAL NOTE (RLIN)
Local note KA
651 #4 - SUBJECT ADDED ENTRY--GEOGRAPHIC NAME
Geographic name United Kingdom
Chronological subdivision
690 ## - LOCAL SUBJECT ADDED ENTRY--TOPICAL TERM (OCLC, RLIN)
Topical term or geographic name as entry element PROPERTY-RESIDENTIAL PROPERTY-COMMUNAL RESIDENTIAL PROPERTY-COMMUNAL RESIDENTIAL FACILITIES
942 ## - ADDED ENTRY ELEMENTS (KOHA)
Suppress in OPAC 0
Holdings
Withdrawn status Lost status Source of classification or shelving scheme Damaged status Not for loan Home library Current library Shelving location Date acquired Total Checkouts Full call number Barcode Date last seen Copy number Price effective from Koha item type
    Dewey Decimal Classification     London London Journal article 11/11/2008   L145808 145808-1001 06/08/2019 1 06/08/2019 Journal article